| 000 | 00528nam a2200181Ia 4500 | ||
|---|---|---|---|
| 005 | 20250423100014.0 | ||
| 008 | 250422s9999 xx 000 0 und d | ||
| 020 | _a9781932099591 | ||
| 050 | _aBP 166.8 .G85/ | ||
| 100 | _aGülen, Fethullah | ||
| 245 | 0 | _aLife after death | |
| 260 | _aNew Jersey | ||
| 260 | _bTughra Books | ||
| 260 | _c2004 | ||
| 300 | _a21 p | ||
| 650 | _aFuture life _ Islam Future life _ Islam _ Koranic teaching Gelecek hayat - İslam Gelecek yaşam - İslamiyet - Kur'an öğretimi | ||
| 942 | _cBK | ||
| 999 |
_c31999 _d31999 |
||